000 00863nam a2200277Ia 4500
001 21755
005 20260320113310.0
008 260320s9999||||xx |||||||||||||| ||und||
022 _a28108256
041 _aESP
082 _aHR 056 JUN 2025
_bCULTURAL.2
100 _a
_e
110 _aCentro Cultural Peruano Norteamericano de Arequipa
245 0 _aCultural :
_brevista anual del Centro Cultural Peruano Norteamericano de Arequipa
246 _a
_5
_b
260 _aArequipa :
_bCentro Cultural Peruano Norteamericano,
_c2025
300 _a126 páginas :
_bilustraciones, fotografías ;
_c24 cm.
_e
440 _a
_n
_v
505 _aN° 4 (2025)
650 _aGEN
653 _aCultura - Revista
654 _aCHU
700 _a
_c
856 _uhttps://revistas.ucsp.edu.pe/
_zVéase además: Revistas académicas UCSP
942 _cREV
_dJUS
_fMAT
_2ddc
_n
999 _c21755
_d21755